Выбор конструкции бетатрона для контроля качества материалов и изделий; Proceedings of the 4th International Betatron Symposium (Prague, September 5-10, 1966). Jnstitute of plasma Physics Czechoslovak Academy of Seiences

Bibliografski detalji
Parent link:Proceedings of the 4th International Betatron Symposium (Prague, September 5-10, 1966). Jnstitute of plasma Physics Czechoslovak Academy of Seiences.— 1967.— С. 300-302
Glavni autor: Горбунов В. И.
Jezik:ruski
Izdano: 1967
Teme:
Format: Poglavlje knjige
KOHA link:https://koha.lib.tpu.ru/cgi-bin/koha/opac-detail.pl?biblionumber=592689

MARC

LEADER 00000naa0a2200000 4500
001 592689
005 20250829145118.0
035 |a (RuTPU)RU\TPU\tpu\5084 
090 |a 592689 
100 |a 20011210d1967 k||y0rusy50 ca 
101 0 |a rus 
102 |a RU 
200 1 |a Выбор конструкции бетатрона для контроля качества материалов и изделий  |f В. И. Горбунов 
463 1 |t Proceedings of the 4th International Betatron Symposium (Prague, September 5-10, 1966). Jnstitute of plasma Physics Czechoslovak Academy of Seiences  |v С. 300-302  |d 1967 
610 1 |a электроника 
610 1 |a труды учёных ТПУ 
610 1 |a ускорители 
700 1 |a Горбунов  |b В. И. 
801 0 |a RU  |b 63413507  |c 20011210  |g PSBO 
801 2 |a RU  |b 63413507  |c 20080311  |g PSBO 
942 |c BK